| LEADER |
00949nam0a2200229 450 |
| 001 |
16868283 |
| 010 |
|
|
|a 978-2-7316-2938-5
|b cart.
|d 14,5
|
| 100 |
|
|
|a 20170606d2017 u u0frey01 ba
|
| 101 |
0 |
|
|a fre
|
| 102 |
|
|
|a FR
|
| 200 |
0 |
|
|a Héritière des Carpates (L')
|f Bec & Bufi
|
| 207 |
|
1 |
|a
|
| 215 |
|
|
|a 1 vol. (56 p.)
|c illustrations en couleur
|d 32 x 24 cm
|
| 225 |
1 |
|
|v 06
|
| 330 |
|
|
|a Tomaison. Lors d'un forage, l'océanographe Kim Melville, qui travaille pour le collectionneur Feiersinger, découvre que des mégalodons, ancêtres du requin, ont survécu dans des grottes sous-marines alors qu'ils sont censés avoir disparu depuis 5 millions d'années.
|
| 461 |
|
0 |
|t Carthago
|v 06
|
| 676 |
|
|
|a 741.56
|
| 700 |
|
0 |
|a Bec
|b Christophe
|4 70
|
| 701 |
|
0 |
|a Bufi
|b Ennio
|4 440
|
| 900 |
|
|
|a Bande dessinée (adultes)
|
| 901 |
|
|
|a Adultes
|
| 995 |
|
|
|a Médiathèque
|c Médiathèque
|f 00156012266300
|h 00156012266300
|k BDA BEC CAR 6
|o p
|q a
|r az
|e Médiathèque
|